00329 a2200133 4500003000400000005001700004008004100021040000900062082001500071100001500086245005000101260003500151300000900186OSt20240110142926.0240110b |||||||| |||| 00| 0 eng d coclc a297bAKB/A aAkbar, M M aThe Authenticity Of Quran /bVol 1cM M Akbar aKerala:bNiche of truthc2002. a260p